000 00489nam a2200229Ia 4500
003 IT-RoPAU
008 120407s9999 xx 000 0 und d
040 _aIT-RoPAU
040 _cIT-RoPAU
041 _aita
100 _aPietro Scoppola
245 _aLa “nuova cristianità” perduta
250 _aRoma
260 _aStudium
260 _c1985
300 _a209 p.
300 _c18,5 cm
490 _aCoscienza del tempo
490 _v9
942 _cBK
999 _c28731
_d28731